| 000 | 00604cam a2200217 4500500 | ||
|---|---|---|---|
| 005 | 20260405003506.0 | ||
| 041 | _afre | ||
| 042 | _adc | ||
| 100 | 1 | 0 |
_aLarmagnac-Matheron, Octave _eauthor |
| 245 | 0 | 0 | _a102 jours |
| 260 | _c2022. | ||
| 500 | _a87 | ||
| 690 | _aAdministration | ||
| 690 | _aGaspard Kœnig | ||
| 690 | _aLoi | ||
| 690 | _aNorme | ||
| 690 | _aPoids | ||
| 690 | _aSimplification | ||
| 786 | 0 | _nPhilosophie magazine | 159 | 5 | 2022-05-01 | p. 7-7 | 1951-1787 | |
| 856 | 4 | 1 | _uhttps://shs.cairn.info/magazine-philosophie-magazine-2022-5-page-7?lang=fr&redirect-ssocas=7080 |
| 999 |
_c2068072 _d2068072 |
||